The abundance of the elements / (Record no. 8112)
[ view plain ]
| 000 -LEADER | |
|---|---|
| fixed length control field | 01022nam a22003131 4500 |
| 001 - CONTROL NUMBER | |
| control field | 8112 |
| 003 - CONTROL NUMBER IDENTIFIER | |
| rucl marc code | BD-RjUL |
| 005 - DATE AND TIME OF LATEST TRANSACTION | |
| control field | 20211208234527.0 |
| 008 - FIXED-LENGTH DATA ELEMENTS--GENERAL INFORMATION | |
| fixed length control field | 140116s1961 nyua 001 0 eng d |
| 035 ## - SYSTEM CONTROL NUMBER | |
| System control number | (BD-RjUL)8157 |
| 040 ## - CATALOGING SOURCE | |
| Original cataloging agency | DLC/ICU |
| Transcribing agency | ICU |
| Modifying agency | DLC |
| Language of cataloging | eng |
| 041 ## - LANGUAGE CODE | |
| Language code of text/sound track or separate title | eng |
| 082 00 - DEWEY DECIMAL CLASSIFICATION NUMBER | |
| Classification number | 522.67 |
| Author mark and year | ALA 1961 |
| 100 1# - MAIN ENTRY--PERSONAL NAME | |
| Personal name | Aller, Lawrence H. |
| Fuller form of name | (Lawrence Hugh), |
| Dates associated with a name | 1913- |
| 9 (RLIN) | 25292 |
| 245 14 - TITLE STATEMENT | |
| Title | The abundance of the elements / |
| Statement of responsibility, etc. | Lawrence H. Aller |
| 260 ## - PUBLICATION, DISTRIBUTION, ETC. (IMPRINT) | |
| Place of publication, distribution, etc. | New York : |
| Name of publisher, distributor, etc. | Interscience Publishers, |
| Date of publication, distribution, etc. | c1961. |
| 300 ## - PHYSICAL DESCRIPTION | |
| Pagination | 283 p. : |
| Illustrations | illus. ; |
| Size | 24 cm. |
| 490 1# - SERIES STATEMENT | |
| Series statement | Interscience monographs and texts in physics and astronomy, |
| Volume/sequential designation | v. 7 |
| 504 ## - BIBLIOGRAPHY, ETC. NOTE | |
| Bibliography, etc | Includes bibliography. |
| 650 #0 - SUBJECT ADDED ENTRY--TOPICAL TERM | |
| Topical term or geographic name as entry element | Chemical elements. |
| 9 (RLIN) | 25293 |
| Topical term or geographic name as entry element | Matter |
| General subdivision | Constitution. |
| 9 (RLIN) | 25294 |
| Topical term or geographic name as entry element | Stars |
| General subdivision | Constitution. |
| 9 (RLIN) | 25295 |
| Topical term or geographic name as entry element | Interstellar matter. |
| 9 (RLIN) | 25296 |
| 830 #0 - SERIES ADDED ENTRY--UNIFORM TITLE | |
| Volume number/sequential designation | v. 7. |
| Uniform title | Interscience monographs and texts in physics and astronomy ; |
| 942 ## - ADDED ENTRY ELEMENTS (KOHA) | |
| Source of classification or shelving scheme | Dewey Decimal Classification |
| Koha item type | Books |
| Lost status | Source of classification or shelving scheme | Damaged status | Not for loan | Collection code | Permanent Location | Current Location | Shelving location | Date acquired | Source of acquisition | Cost, normal purchase price | Total Checkouts | Full call number | Date last seen | Copy number | Koha item type |
|---|---|---|---|---|---|---|---|---|---|---|---|---|---|---|---|
| Dewey Decimal Classification | Not For Loan | Non-fiction | Central Library, University of Rajshahi | Central Library, University of Rajshahi | 02/02/1963 | Zeitlinger | 75.00 | 522.67 ALA 1961 | 16/01/2014 | C-1 | Books |